000 01306nam a22003617a 4500
003 CHAP
005 20220329143449.0
008 091106s2009 mx r 00010 spa d
010 _a97024
011 _a97996
035 _a108671
040 _cCHAP
090 _aTesis
100 1 _aMartinez Ruiz, Antonio
_971666
245 1 0 _aEvaluación de la transpiración de jitomate (Lycopersicon esculentum Mill.) en invernadero
_c/por Antonio Martinez Ruiz
260 _aChapingo, Méx. :
_bEl autor,
_c2009
300 _aix, 123 h. :
_bcuadros, gráfs. , ilus.
502 _aTesis (Ing. en Irrigación) -- UACH. Departamento de Irrigación
590 _aALEPH
_b10
_c20130110
_lUCH01
_h1530
590 _aBATCH-UPD
_b10
_c20130110
_lUCH01
_h1156
590 _aBATCH-UPD
_b10
_c20130410
_lUCH01
_h0739
590 _aBATCH-UPD
_b10
_c20130914
_lUCH01
_h1131
590 _aCONVERSION
_b10
_c20130109
_lUCH01
_h1354
650 1 4 _aCultivos en invernadero.
_930376
650 1 4 _aEstomas.
_938345
650 1 4 _aEvapotranspiración.
_938968
650 1 4 _aTomate.
_9113672
650 1 4 _aTomate
_zMéxico (Edo.).
_9113786
901 _aBK
942 _cFOLL
949 _aTesis
_bBC
_cTES
_d33724002114900
_eTS1
_gDonaciØn
_h49692
_i108671
_sb
949 _aTesis
_bBC
_cTES
_d33724002114941
_eTS2
_fc.2
_gDonaciØn
_h49693
_i108671
_sb
999 _c97024
_d97024